000 00915cab a2200229 4500
001 WB3417-08
008 090401t1998 xxu||||| |||| 00| 0 eng d
035 _a(Sirsi) u86104
041 _aeng
245 _aUK to go it alone on asbestos
260 _c1998
350 _a0
490 _aConstruction News
_v(6564) 7 May 1998, 4(1)
520 _aThe Environment minister has said a domestic ban on all imports of white asbestos could be announced as early as the end of May 1998, if the European Union continues to drag its heels over a European Union-wide ban. The minister has also stated that the courts should impose tougher Health & Safety fines in order to encourage people to take them more seriously.
650 _aBAN
650 _aFINES
650 _aHEALTH AND SAFETY
_96244
650 _aWHITE ASBESTOS
690 _aBUILT ENVIRONMENT-BUILDING STANDARDS
942 _n0
948 _c08/05/1998
999 _c54169
_d54169